00585nam a2200169 a 450000100100000000500170001000800410002702000180006804000250008608200250011110000330013624500880016926000350025730000200029250000700031270000330038200004578220201002052436.0150512s2007 dr 000 p spa d a9789945851021 aDO-SdBNPbspacBNPHU axxxxxxxxxbxxxxxxxxx1 aTejeda Read, Ramón,d1954-10aVersos en los caminos /cRamón Tejeda Read ; ilustración Tulio Pérez Lizardo. aSanto Domingo :bPerla,c2007. a59 p. ;c20 cm. aIncluye datos biográficos del autor en la solapa de la cubierta1 aPérez Lizardo, Tulio,eil.